LEADER 00747nam a2200205 i 4500 001 000000140669 003 CaOOAMICUS 005 20050623000000.0 008 050623s1960 fr u000 u fre u 013 $a114870 040 $aSeMil$bita 100 1 $aDelanglade, Jean.$0(OLS)http://semarc/name/56652 245 13$aLe problème de Dieu /$cJean Delanglade. 260 $aParis :$bAubier-Montaigne,$cCopyr. 1960. 300 $a270 p. ;$c19 cm. 650 4$aDio.$0(OLS)http://semarc/subject/4429 850 $aSeMil 852 $aSeMil$W1$xVenegono$y1$m2R I 319$j93986$B93986$CSeMilBibl$Z2$F99450 $81 996 $6245$aLe problème de Dieu$9(OLS)http://semarc/title/112570 996 $6260$aParis :$bAubier-Montaigne$9(OLS)http://semarc/publisher/29782 LEADER 01500nam a2200325 i 4500 001 000000332431 003 CaOOAMICUS 005 20190204165548.0 008 190204s2018 it u000 u ita u 013 $a233187 020 $a978-88-452-7293-6 040 $aSeMil$bita 041 1 $aita 100 1 $aLombroso, Cesare ,$d<1835-1909>.$0(OLS)http://semarc/name/34335 245 12$aL'uomo delinquente /$cCesare Lombroso ; presentazione di Armando Torno. 246 0 $iTitolo dell'edizione originale$aL'uomo delinquente in rapporto all'antropologia, alla giurisprudenza ed alla psichiatria 250 $aQuinta edizione 1897 264 1$aMilano :$bBompiani,$c2018. 300 $a2138 p. ;$c22 cm. 490 0 $aIl pensiero occidentale 500 $aRiproduzione facsimilare dell'edizione: Torino : Fratelli Bocca, 1897 700 1 $aTorno, Armando,$d<1953- >,$ecuratore.$0(OLS)http://semarc/name/19713 830 0$aBompiani Il pensiero occidentale.$0(OLS)http://semarc/title/10111 850 $aSeMil 852 $aSeMil$W1$xVenegono$y1$m2OA V 414$j210144$B224195$CSeMilBibl$Z2$F224195 $81 996 $6020$a978-88-452-7293-6$9(OLS)http://semarc/number/286475 996 $6245$aL'uomo delinquente$9(OLS)http://semarc/title/421275 996 $6246$aL'uomo delinquente in rapporto all'antropologia, alla giurisprudenza ed alla psichiatria$9(OLS)http://semarc/title/421276 996 $6264$aMilano :$bBompiani$9(OLS)http://semarc/publisher/29706 LEADER 01167nam a2200217 i 4500 001 000000017334 003 CaOOAMICUS 005 20240219124851.0 008 180830s1941 it u000 u ita u 040 $aSeMil$bita 100 1 $aLadner, Gherardo B.$0(OLS)http://semarc/name/7923 245 12$aI ritratti dei papi nell'antichità e nel medioevo /$cGherardo B. Ladner. 260 $aRoma :$bPontificio Istituto di Archeologia Cristiana,$c1941. 300 $a1 v. (in 2 tomi) ;$c38 cm. 490 1 $aMonumenti di antichità cristiana. 2. serie 774 0 $aLadner, Gherardo B.$tDalle origini fino alla fine della lotta per le investiture.$kMonumenti di antichità cristiana. 2. serie$g1$w()159355 774 0 $aLadner, Gherardo B.$tDalle origini fino alla fine della lotta per le investiture.$kMonumenti di antichità cristiana. 2. serie$g1$w()159358 830 0$aMonumenti di antichità cristiana. 2. serie.$0(OLS)http://semarc/title/22137 996 $6245$aI ritratti dei papi nell'antichità e nel medioevo$9(OLS)http://semarc/title/22914 996 $6260$aRoma :$bPontificio Istituto di Archeologia Cristiana$9(OLS)http://semarc/publisher/33057 LEADER 01240nam a2200277 i 4500 001 000000072667 003 CaOOAMICUS 005 20021127000000.0 008 021127s1930 it u000 u ita u 013 $a43839 040 $aSeMil$bita 100 1 $aTredici, Giacinto .$0(OLS)http://semarc/name/17126 245 10$aBreve corso di storia della filosofia /$cGiacinto Tredici. 250 $a9. ed. 260 $a[Firenze] :$bLibreria Editrice Fiorentina,$cstampa 1930. 260 $a[S.l.] :$bLa Cardinal Ferrari,$cstampa 1930. 300 $aIV, 379 p. ;$c19 cm. 500 $aCon dedica autografa dell'autore. - In appendice : Cenni intorno alla filosofia religiosa. - Fondo Card. C.M. Martini. 650 4$aFilosofia - Storia - Manuali.$0(OLS)http://semarc/subject/1186 850 $aSeMil 852 $aSeMil$W1$xVenegono$y1$m2Q II 21$j38820$B38820$CSeMilBibl$Z2$F38823 $81 941 1 $a4 961 $aOmaggio: Martini Card. Carlo Maria 996 $6245$aBreve corso di storia della filosofia$9(OLS)http://semarc/title/109230 996 $6260$a[S.l.] :$bLa Cardinal Ferrari$9(OLS)http://semarc/publisher/40801 996 $6260$a[Firenze] :$bLibreria Editrice Fiorentina$9(OLS)http://semarc/publisher/31476